The Oxford handbook of computational linguistics

Uloženo v:
Podrobná bibliografie
Hlavní autor: Mitkov, Ruslan (autor)
Médium: Kniha
Jazyk:angličtina
Vydáno: Nueva York Oxford University Press 2004
Témata:
Tagy: Přidat tag
Žádné tagy, Buďte první, kdo vytvoří štítek k tomuto záznamu!

MARC

LEADER 00000nam a2200000 a 4500
001 UCI9518
003 CL-VaPUC
008 081120e20040000US |||||||||||||||||eng|d
020 |a 9780199276349 
082 0 4 |a 410.285  |b MIT  |2 21 
100 |a Mitkov, Ruslan  |e autor  |9 533328 
245 1 4 |a The Oxford handbook of computational linguistics 
300 |a 786 p 
942 |c BK 
945 |d 20081120 00:00:00  |a jtorresc 
260 |a Nueva York  |b Oxford University Press  |c 2004 
650 7 |a LINGUISTICA COMPUTACIONAL  |2 CL-VaPUC  |9 533329 
650 0 |a Lingüística aplicada   |9 313266 
583 |a last modification  |c 20081120 00:00:00  |k Rodrigo Vera 
999 |c 332042  |d 332040 
952 |0 0  |1 0  |4 0  |6 410_285000000000000_MIT_2004  |7 0  |8 A  |9 419389  |a FDOPOS  |b FDOPOS  |d 2019-11-22  |i 4498038  |o 410.285 MIT 2004  |p 4498038  |r 2025-01-22  |w 2019-11-22  |y BK  |k DLA